Mexico - Culture générale - Statistiques

Statistiques générales
  • Ce quiz a été pris 434 fois
  • Le résultat moyen est 8 sur 15
Statistiques - réponses
Information Réponse % Correct
Célébration traditonelle mexicaine fêtée en novembre Fête des {Morts}
91%
Catastrophe naturelle qui détruisit une partie de la ville en 1985 Séisme
86%
Civilisation qui y était implémentée Aztèques
85%
Artiste mexicaine engagée, connue pour ses nombreux autoportraits Frida Kahlo
79%
Plat mexicain constitué d'une tortilla de maïs garnie Taco
73%
La ville possède le deuxième plus grand système de transport de ce type en Amérique Métro
66%
Une des deux seules villes plus peuplée en Amérique New York / Sao Paulo
64%
Année lors de laquelle Mexico accueillit les Jeux Olympiques 1968
60%
Figure soviétique révolutionnaire assassinée ici Leon Trotsky
56%
Conquistador espagnol qui a vaincu les indigènes et fondé la ville actuelle Hernán Cortés
55%
Nom de la ville avant l'arrivée des colons Tenochtitlan
42%
Époux de la précédante, célèbre pour ses peintures murales Diego Rivera
29%
Club mexicain doté de 10 titres internationaux Club {América}
25%
Film d'Alfonso Cuarón en noir et blanc nominé aux oscars en 2019 Roma
18%
Lac qui a donné son nom à Mexico Lac {Texcoco}
11%
Aucun quiz correspondant
Distribution des résultats
% des personnes avec chaque résultat
Percentile par nombre de réponses
Votre historique - résultats
Vous n’avez pas pris ce quiz